| 000 | 01367cam a22003615a 4500 | ||
|---|---|---|---|
| 003 | EG-ScBUE | ||
| 005 | 20220523102250.0 | ||
| 008 | 100704r20031997enka f 000 0 eng d | ||
| 020 | _a0521628814 (volume 1) | ||
| 020 | _a9780521628815 (volume 1) | ||
| 020 | _a052162844X (volume 3) | ||
| 020 | _a9780521628440 (volume 3) | ||
| 040 |
_aEG-ScBUE _beng _erda _cEG-ScBUE _dEG-ScBUE |
||
| 082 | 0 | 4 |
_a428.24 _bRIC _222 |
| 100 | 1 |
_aRichards, Jack C, _d1943- _eauthor. _97619 |
|
| 245 | 1 | 0 |
_aNew interchange : _bEnglish for international communication, _pStudent's book / _cJack C. Richards, Jonathan Hull, Susan Proctor. |
| 246 | 3 | 0 | _aStudent's book |
| 250 | _aTwelfth edition. | ||
| 264 | 1 |
_aCambridge, U.K. : _bCambridge University Press, _c2003. |
|
| 300 |
_a3 volumes : _bcolor illustrations ; _c25 cm |
||
| 336 |
_2rdacontent _atext _btxt |
||
| 337 |
_2rdamedia _aunmediated _bn |
||
| 338 |
_2rdacarrier _avolume _bnc |
||
| 500 | _aIncludes appendix. | ||
| 505 | 0 | _aVolume 1 -- Volume 2 -- Volume 3. | |
| 650 | 7 |
_aEnglish language _vTextbooks for foreign speakers. _2BUEsh _915821 |
|
| 650 | 7 |
_aCommunication, International _vProblems, exercises, etc. _2BUEsh _915822 |
|
| 653 |
_bHHUUEENN _cOctober2018 |
||
| 655 |
_vReading book _934232 |
||
| 700 | 1 |
_aHull, Jonathan, _d1949- _eauthor. _97623 |
|
| 700 | 1 |
_aProctor, Susan, _d1945- _eauthor. _97624 |
|
| 942 |
_2ddc _cBB |
||
| 999 |
_c5870 _d5870 |
||